| 000 | 00341nam a22001217a 4500 | ||
|---|---|---|---|
| 008 | 180125b xxu||||| |||| 00| 0 eng d | ||
| 041 | _aeng | ||
| 080 | _a94 | ||
| 100 | _a16 | ||
| 101 | _aHIS | ||
| 245 |
_aIn pursuit of happiness: american conceptions of property from the seventeenth to the twentieth century _cScott,W.B |
||
| 942 |
_2udc _cBK |
||
| 999 |
_c40910 _d40910 |
||